000 00401nam a2200097Ia 4500
008 220204s9999 xx 000 0 und d
082 _a330.133:338.5(061.3)
_bCFC
245 0 _aCommon fund for commodities : Commodity development in Asia and the Pacific region, regional round table meeting. Proceedings. Kochi, 19-21 Novwember 2001
260 _aAmsterdam
_bCommon Fund for Commodities
_c2001
942 _cBK
999 _c44035
_d44035